区划代码对应的地级行政区:山西 - Statistics

General Stats
  • This quiz has been taken 4 times
  • The average score is 8 of 11
Answer Stats
区划代码 行政区名称 % Correct
1401 太原市
100%
1402 大同市
100%
1403 阳泉市
100%
1404 长治市
75%
1405 晋城市
75%
1406 朔州市
75%
1407 晋中市
50%
1408 运城市
50%
1409 忻州市
50%
1410 临汾市
50%
1411 吕梁市
50%
No matching quizzes found
Score Distribution
Percent of People with Each Score
Percentile by Number Answered
Your Score History
You have not taken this quiz